The grammar of english nominalizations

Uloženo v:
Podrobná bibliografie
Hlavní autor: Lees, Robert B (Autor)
Médium: Kniha
Jazyk:angličtina
Vydáno: Bloomington Indiana University 1968
Témata:
Tagy: Přidat tag
Žádné tagy, Buďte první, kdo vytvoří štítek k tomuto záznamu!

MARC

LEADER 00000nam a2200000 a 4500
001 UCX1382
003 CL-VaPUC
008 900817e19680000US |||||||||||||||||eng|d
082 0 4 |a 425  |b LEE  |2 21 
100 0 |a Lees, Robert B  |e author  |9 316875 
245 1 4 |a The grammar of english nominalizations 
300 |a 205 p 
942 |c BK 
945 |d 19900817 00:00:00 
260 |a Bloomington  |b Indiana University  |c 1968 
650 7 |a INGLES GRAMATICA  |2 CL-VaPUC  |9 313180 
583 |a last modification  |c 19900817 00:00:00  |k Rodrigo Vera 
999 |c 222633  |d 222631 
952 |0 0  |1 0  |4 0  |6 425_000000000000000_LEE_1968  |7 0  |8 A  |9 217667  |a FDOPOS  |b FDOPOS  |d 2019-11-15  |i 2865475  |o 425 LEE 1968  |p 2865475  |r 2025-01-22  |w 2019-11-15  |y BK  |k MLA